000 00429nam a2200181Ia 4500
008 090123s9999 xx 000 0 und d
082 _b35842
100 _aENID BLYTON
245 _aTHE QUEEN ELIZABETH FAMILY
250 _a0
260 _bMUNNA PRESS
300 _a93
600 _aENID BLYTON
630 _aTHE QUEEN ELIZABETH FAMILY
700 _aENID BLYTON
730 _aTHE QUEEN ELIZABETH FAMILY
942 _cBOOK
999 _c73910
_d73910